<?xml version="1.0" encoding="UTF-8"?><?xml-stylesheet type="text/xsl" href="static/style.xsl"?><OAI-PMH xmlns="http://www.openarchives.org/OAI/2.0/" xmlns:xsi="http://www.w3.org/2001/XMLSchema-instance" xsi:schemaLocation="http://www.openarchives.org/OAI/2.0/ http://www.openarchives.org/OAI/2.0/OAI-PMH.xsd"><responseDate>2026-04-30T13:23:56Z</responseDate><request verb="GetRecord" identifier="oai:riubu.ubu.es:10259/6039" metadataPrefix="marc">https://riubu.ubu.es/oai/request</request><GetRecord><record><header><identifier>oai:riubu.ubu.es:10259/6039</identifier><datestamp>2021-11-02T12:24:01Z</datestamp><setSpec>com_10259.4_103</setSpec><setSpec>com_10259.4_1</setSpec><setSpec>com_10259_2604</setSpec><setSpec>col_10259_6036</setSpec></header><metadata><record xmlns="http://www.loc.gov/MARC21/slim" xmlns:doc="http://www.lyncode.com/xoai" xmlns:xsi="http://www.w3.org/2001/XMLSchema-instance" xmlns:dcterms="http://purl.org/dc/terms/" xsi:schemaLocation="http://www.loc.gov/MARC21/slim http://www.loc.gov/standards/marcxml/schema/MARC21slim.xsd">
<leader>00925njm 22002777a 4500</leader>
<datafield tag="042" ind1=" " ind2=" ">
<subfield code="a">dc</subfield>
</datafield>
<datafield tag="720" ind1=" " ind2=" ">
<subfield code="a">Jabato Dehesa, María Jesús</subfield>
<subfield code="e">author</subfield>
</datafield>
<datafield tag="260" ind1=" " ind2=" ">
<subfield code="c">2014</subfield>
</datafield>
<datafield tag="520" ind1=" " ind2=" ">
<subfield code="a">Fue deseo de Martín Domínguez Berrueta escribir un&#xd;
libro sobre la catedral de Burgos, truncado por su prematura muerte.&#xd;
Las notas que tomó el profesor a tal fin se recogen en los veintiocho&#xd;
capítulos de un cuaderno manuscrito, inédito hasta ahora, que completa&#xd;
los artículos de prensa que publicó sobre el monumento burgalés&#xd;
en distintos medios de la prensa nacional.</subfield>
</datafield>
<datafield tag="520" ind1=" " ind2=" ">
<subfield code="a">Martín Domínguez Berrueta had the desire of writing&#xd;
a book about the Burgos Cathedral, but he never achieved it because&#xd;
of his premature death. The notes he took with that purpose are&#xd;
compiled on the twenty eight chapters of an until now unpublished&#xd;
notebook, which completes the press articles that he published about&#xd;
the burgalese monument on different media of the Spanish national&#xd;
press.</subfield>
</datafield>
<datafield tag="024" ind2=" " ind1="8">
<subfield code="a">0211-8998</subfield>
</datafield>
<datafield tag="024" ind2=" " ind1="8">
<subfield code="a">http://hdl.handle.net/10259/6039</subfield>
</datafield>
<datafield ind1=" " ind2=" " tag="653">
<subfield code="a">Martín Domínguez Berrueta</subfield>
</datafield>
<datafield ind1=" " ind2=" " tag="653">
<subfield code="a">Burgos</subfield>
</datafield>
<datafield ind1=" " ind2=" " tag="653">
<subfield code="a">Catedral de Burgos</subfield>
</datafield>
<datafield ind1=" " ind2=" " tag="653">
<subfield code="a">Cuaderno</subfield>
</datafield>
<datafield ind1=" " ind2=" " tag="653">
<subfield code="a">Burgos Cathedral</subfield>
</datafield>
<datafield ind1=" " ind2=" " tag="653">
<subfield code="a">Notebook</subfield>
</datafield>
<datafield tag="245" ind1="0" ind2="0">
<subfield code="a">Martín Domínguez Berrueta y la catedral de Burgos (II): el cuaderno de notas del profesor</subfield>
</datafield>
</record></metadata></record></GetRecord></OAI-PMH>